000 01189nam a22003377a 4500
003 CHAP
005 20220329142231.0
008 000313d1991 mx b r 00110 eng d
010 _a80298
011 _a81270
035 _a91737
040 _cCHAP
090 _aFolleto 15373
100 0 0 _aSmale, Melinda.
_9106903
245 1 0 _aChimanga Cha Makolo, hybrids, and composites :
_ban analysis of faramers'adoption of maize technology in Malawi, 1989-91
_c/by Melinda Smale (and others)
260 _aMéxico, D.F. :
_bCIMMYT,
_c1991.
300 _a62 p. :
_bgráfs. ; mapa ; tablas
590 _aBATCH-UPD
_b10
_c20130110
_lUCH01
_h0709
590 _aBATCH-UPD
_b10
_c20130410
_lUCH01
_h0355
590 _aBATCH-UPD
_b10
_c20130914
_lUCH01
_h1405
590 _aCONVERSION
_b10
_c20130109
_lUCH01
_h1345
650 1 4 _aAgricultura
_xInnovaciones tecnológicas.
_91565
650 1 4 _aFertilizantes para maíz.
_940625
650 1 4 _aMaíz
_xHíbridos.
_970974
650 1 4 _aMaíz
_zMalawi.
_971097
901 _aBK
905 _aAlejandra Carrasco M.
942 _cFOLL
949 _aFolleto 15373
_bBC
_cFOLL
_d917371
_eTS1
_i91737
_sb
949 _aFolleto 15373
_bBC
_cFOLL
_d917372
_eTS2
_fc.2
_i91737
_sb
999 _c80298
_d80298